000 00365 a2200109 4500
001 ART_46721
005 20260410162006.0
008 260409a
245 1 0 _aEl bullying escolar y la responsabilidad de los establecimientos educativos
100 1 _aLencina, Marcelo A.
773 0 _tTemas de derecho civil
_g- Año 4, N° 7 (jul. 2018)
_wREV34778
999 _c31755
_d31755